Lohnzurückhaltung und Gewerkschaftliche Vernunft <Die> Politische Ökonomie des Arbeitsmarktes in der Bundesrepublik Deutschland der 60er Jahre
Salvato in:
| Autore principale: | |
|---|---|
| Natura: | Libro |
| Lingua: | tedesco |
| Pubblicazione: |
Kiel
Institut für Weltwirtschaft
1988
|
| Serie: | Arbeitspapier
Nr. 333 |
| Tags: |
Nessun Tag, puoi essere il primo ad aggiungerne!!
|
MARC
| LEADER | 00000nam a2200000 4500 | ||
|---|---|---|---|
| 001 | c032171 | ||
| 005 | 20250526075459.1 | ||
| 041 | 0 | |a ger | |
| 044 | |a DE | ||
| 245 | 1 | 0 | |a Lohnzurückhaltung und Gewerkschaftliche Vernunft |b <Die> Politische Ökonomie des Arbeitsmarktes in der Bundesrepublik Deutschland der 60er Jahre |c Heike Göbel |
| 264 | 1 | |a Kiel |b Institut für Weltwirtschaft |c 1988 | |
| 300 | |a 36 s. | ||
| 490 | 1 | |a Arbeitspapier |v Nr. 333 | |
| 830 | 0 | |a Arbeitspapier |v Nr. 333 | |
| 100 | 1 | |a Göbel, Heike | |